Il negozio fiduciario nel diritto romano classico
সংরক্ষণ করুন:
| প্রধান লেখক: | |
|---|---|
| বিন্যাস: | গ্রন্থ |
| ভাষা: | ইতালিয় |
| প্রকাশিত: |
Módena
Mucchi Editore
2012
|
| সংস্করন: | 1a. ed |
| বিষয়গুলি: | |
| ট্যাগগুলো: |
ট্যাগ যুক্ত করুন
কোনো ট্যাগ নেই, প্রথমজন হিসাবে ট্যাগ করুন!
|
MARC
| LEADER | 00000cam a2200000 a 4500 | ||
|---|---|---|---|
| 001 | UCE5491 | ||
| 003 | CL-VaPUC | ||
| 008 | 150115e20120000it |||||||||||||||||ita|d | ||
| 020 | |a 9788870005912 | ||
| 082 | 0 | 4 | |a 340.54 |b BER |2 21 |
| 100 | 0 | |a Bertoldi, Federica |e author |9 578172 | |
| 245 | 1 | 3 | |a Il negozio fiduciario nel diritto romano classico |
| 250 | |a 1a. ed | ||
| 300 | |a 240 p | ||
| 942 | |c BK | ||
| 945 | |d 20150115 11:28:00 |a dcastane | ||
| 260 | |a Módena |b Mucchi Editore |c 2012 | ||
| 650 | 0 | |a Derecho romano |9 255930 | |
| 650 | 0 | |a Jurisprudencia romana |9 393300 | |
| 650 | 7 | |a DERECHO ANTIGUO |2 CL-VaPUC |9 578173 | |
| 650 | 0 | |a Historia del derecho |9 255109 | |
| 583 | |a last modification |c 20150115 11:28:00 |k Rodrigo Vera | ||
| 999 | |c 358207 |d 358205 | ||
| 952 | |0 0 |1 0 |3 erb |4 0 |6 340_540000000000000_BER_2012 |7 0 |8 DER_ROM |9 466768 |a BIBDER |b BIBDER |i 5135451 |l 1 |o 340.54 BER 2012 |p 5135451 |r 2023-01-25 |s 2020-03-17 |w 2019-11-23 |x Ubicación 4to piso |y BK |z Este recurso debe solicitarse con anticipación |k DER | ||